| 000 | 00519cam a2200181 a 4500 | ||
|---|---|---|---|
| 001 | 000002079 | ||
| 005 | 20200929145826.0 | ||
| 008 | 740627s1973 mbc 000 1 eng | ||
| 020 | _a0919566219 | ||
| 040 |
_aDO-SdBNP _bspa _cBNPHU |
||
| 082 |
_axxxx _bL785w |
||
| 100 | 1 |
_aLivesay, Dorothy, _d1909- _96691 |
|
| 245 | 1 | 0 |
_aA Winnipeg childhood / _cDorothy Livesay. |
| 260 |
_aCanada : _bPeguis, _c1973. |
||
| 300 |
_a105 p. ; _c24 cm. |
||
| 590 | _aInventariado, 2019/BT | ||
| 651 | 4 |
_aWinnipeg (Man.{Rpara} _xFiction. _96692 |
|
| 999 |
_c1940 _d1940 |
||